LEADER 01500namaa2200325 i 4500 001 000000178056 003 CaOOAMICUS 005 20250912102854.0 007 tu 008 250912s1975 fr 000 u fre r 040 $aPUL$bita$erda 100 1 $aMoltmann, Jürgen,$d1926-2024,$eautore.$0(OLS)http://pul/name/12676 240 10$aUmkehr zur Zukunft.$lFrancese.$0(OLS)http://pul/title/219609 245 10$aConversion à l'avenir :$btraduction historique et politique de l'Evangile /$cJürgen Moltmann ; traduit de l'allemand par Jean-Pierre Thévenaz et Andréas Hämer . 264 4$c©1975. 264 1$aParis :$bÉditions du Seuil,$c[1975] 300 $a187 pagine ;$c21 cm 336 $atesto$btxt$2rdacontent 337 $asenza mediazione$bn$2rdamedia 338 $avolume$bnc$2rdacarrier 650 4$aCristianesimo e politica.$0(OLS)http://pul/subject/1181 700 1 $aHämer, Andreas,$etraduttore.$0(OLS)http://pul/name/114583 700 1 $aThévenaz, Jean-Pierre,$d1944-,$etraduttore.$0(OLS)http://pul/name/114582 850 $aPUL 852 $aPUL$W1$xDP1 Fondo Liberati$y125$m2 B 2$j115175$qFondi$B207051$CPULBib$Z2$F207051 $HLib52 $82 941 1 $a1 996 $6245$aConversion à l'avenir :$btraduction historique et politique de l'Evangile$9(OLS)http://pul/title/219608 996 $6264$aParis :$bÉditions du Seuil$9(OLS)http://pul/publisher/54032 996 $6264$a[S.l.] :$b[s.n.]$9(OLS)http://pul/publisher/0 LEADER 01567nam a2200313 u 4500 001 000000042069 003 CaOOAMICUS 005 20070226114302.0 008 990219s1948 it u000 u ita u 035 $a10814777 040 $aPUL$bita 100 1 $aTorrente, Andrea,$d1908-1965.$0(OLS)http://pul/name/29189 245 10$aDelle obbligazioni :$bArt. 1861-1932 /$cAndrea Torrente, Vittorio Salandra. 260 $aBologna :$bZanichelli ;$aRoma :$bSoc. Ed. del Foro Italiano,$c1948. 300 $axviii, 404 p. ;$c25 cm 490 1 $aCommentario del Codice civile Scialoja-Branca.$aLibro quarto, Delle obbligazioni 504 $aContiene riferimenti bibliografici e indice. 505 0 $aRendita perpetua, rendita vitalizia / A. Torrente. -- Assicurazione / V. Salandra. 610 14$aItalia.$tCodice civile.$0(OLS)http://pul/subject/33991 650 4$aDiritto civile$zItalia.$0(OLS)http://pul/subject/3770 700 1 $aSalandra, Vittorio.$0(OLS)http://pul/name/30924 830 0$aCommentario del Codice civile Scialoja-Branca.$nLibro quarto,$pDelle obbligazioni.$0(OLS)http://pul/title/54660 850 $aPUL 852 $aPUL$W1$xDP2 Diritto e Scienze Sociali 1$y65$m174 E 44$j56904$nBK-PRI$qStampati$B56904$CPULBib$Z2$F56904 $H15632 $82 941 1 $a8 961 $aINV: 15632 996 $6245$aDelle obbligazioni :$bArt. 1861-1932$9(OLS)http://pul/title/56751 996 $6260$aBologna :$bZanichelli$9(OLS)http://pul/publisher/48255 996 $6260$aRoma :$bSoc. Ed. del Foro Italiano$9(OLS)http://pul/publisher/64651